20 Biggest Cities in North Carolina - Statistics

General Stats
  • This quiz has been taken 55 times
  • The average score is 14 of 20
Answer Stats
Hint Answer % Correct
923,164 Charlotte
100%
487,942 Raleigh
100%
300,100 Durham
97%
95,216 Asheville
89%
304,279 Greensboro
89%
125,007 Wilmington
84%
254,032 Winston-Salem
78%
181,754 Cary
73%
63,764 Chapel Hill
73%
209,942 Fayetteville
73%
117,619 High Point
70%
90,856 Greenville
62%
111,863 Concord
59%
85,080 Gastonia
57%
60,660 Kannapolis
51%
60,877 Burlington
49%
72,198 Jacksonville
49%
74,599 Apex
43%
65,715 Huntersville
43%
55,788 Wake Forest
38%
No matching quizzes found
Score Distribution
Percent of People with Each Score
Percentile by Number Answered
Your Score History
You have not taken this quiz